[Event "10. Lichtenberger Sommer"]
[Site "Berlin"]
[Date "2011.08.14"]
[Round "3.73"]
[White "Oppermann, Peter"]
[Black "Laurin, Dirk"]
[Result "1-0"]
[WhiteElo "2000"]
[BlackElo "1671"]
[PlyCount "27"]
[EventDate "2011.??.??"]
[WhiteTeam "SK Tempelhof 1931 e.V."]
[BlackTeam "SG Narva Berlin e.V."]

1. d4 d5 2. Nf3 Nf6 3. e3 e6 4. Bd3 Be7 5. Nbd2 c5 6. b3 Bd7 7. Qe2 Nc6 8. c3
Bd6 9. Bb2 O-O 10. O-O Rc8 11. e4 dxe4 12. Nxe4 Nxe4 13. Qxe4 cxd4 14. Qxh7#
1-0

[Event "10. Lichtenberger Sommer"]
[Site "Berlin"]
[Date "2011.08.14"]
[Round "3.74"]
[White "Hülse, Max"]
[Black "Horbach, Fabian"]
[Result "1/2-1/2"]
[WhiteElo "1445"]
[BlackElo "2022"]
[PlyCount "89"]
[EventDate "2011.??.??"]
[WhiteTeam "Forster Schachclub 95"]
[BlackTeam "Schachverein 1949 Herzogenrath"]

1. d4 d5 2. Bf4 Nf6 3. Nf3 e6 4. e3 Bd6 5. Bg3 Ne4 6. Nbd2 b6 7. Nxe4 dxe4 8.
Ne5 O-O 9. Be2 Bb7 10. Nc4 b5 11. Nd2 a6 12. c3 Nd7 13. Qb3 Bd5 14. Qc2 f5 15.
c4 bxc4 16. Bxc4 Qe7 17. Rc1 c6 18. Bxd5 cxd5 19. Bxd6 Qxd6 20. Qa4 Nf6 21. h3
f4 22. Qc6 Qxc6 23. Rxc6 Rac8 24. Rxc8 Rxc8 25. Kd1 g5 26. Nb3 Nd7 27. Na1 Kf7
28. Kd2 e5 29. Rc1 Rxc1 30. Kxc1 exd4 31. exd4 Ke6 32. Kd2 Kd6 33. Nc2 Nb6 34.
b3 a5 35. Ke2 h5 36. Kd2 Nd7 37. Ke2 Nf6 38. Kd2 h4 39. Ke1 g4 40. hxg4 Nxg4
41. Ke2 Nh6 42. a4 Nf5 43. Kf1 Ke6 44. Ke2 Ne7 45. Kd2 1/2-1/2

[Event "10. Lichtenberger Sommer"]
[Site "Berlin"]
[Date "2011.08.14"]
[Round "3.75"]
[White "Paris, Gerhard"]
[Black "Krueger, Ekkehard"]
[Result "0-1"]
[WhiteElo "1628"]
[BlackElo "1878"]
[PlyCount "84"]
[EventDate "2011.??.??"]
[WhiteTeam "TSG Oberschöneweide e.V."]
[BlackTeam "SG Narva Berlin e.V."]

1. e4 c5 2. Nc3 Nc6 3. g3 d6 4. Bg2 e5 5. d3 Nf6 6. Be3 Be7 7. Nf3 Qa5 8. O-O
b5 9. Nd2 Be6 10. Nb3 Qb6 11. f4 Bg4 12. Ne2 Nd4 13. Nbxd4 cxd4 14. Bd2 Bd7 15.
f5 Rc8 16. Bh3 d5 17. exd5 e4 18. Nf4 e3 19. Be1 Qc5 20. g4 Nxd5 21. Nxd5 Qxd5
22. Bg2 Qc5 23. Bg3 Qxc2 24. Qxc2 Rxc2 25. Be5 Bh4 26. Rfc1 Bf2+ 27. Kf1 Rd2
28. Be4 h5 29. g5 Rg8 30. Bxd4 Bh4 31. Bxe3 Rxh2 32. Rc7 Bg3 33. Rxa7 Ke7 34.
Bc5+ Bd6 35. Bxd6+ Kxd6 36. Ra6+ Ke5 37. Rc1 Kf4 38. Rd6 Bxf5 39. Bxf5 Rh1+ 40.
Ke2 Rxc1 41. Kd2 Rc5 42. d4 Rxf5 0-1

[Event "10. Lichtenberger Sommer"]
[Site "Berlin"]
[Date "2011.08.14"]
[Round "3.76"]
[White "Hoffmann, Peter"]
[Black "Kammler, Hans-Joachim"]
[Result "1-0"]
[WhiteElo "2030"]
[BlackElo "1519"]
[PlyCount "65"]
[EventDate "2011.??.??"]
[WhiteTeam "BSG 1827 Eckbauer e.V."]
[BlackTeam "vereinslos"]

1. d4 f5 2. c4 d6 3. Nc3 Nf6 4. f3 g6 5. e4 fxe4 6. fxe4 Bg7 7. Nf3 O-O 8. Bd3
Nc6 9. d5 Nb4 10. Be2 a5 11. a3 Na6 12. O-O e5 13. b4 b6 14. Bd2 Bd7 15. Rb1
Rb8 16. c5 Bc8 17. Ng5 Ra8 18. c6 axb4 19. axb4 h6 20. Nf3 Bg4 21. h3 Bxf3 22.
Bxf3 Kh8 23. Be3 h5 24. Qd2 Ng8 25. Bg5 Bf6 26. h4 Ra7 27. Ra1 Ra8 28. Rfb1 Qe7
29. Be2 Bxg5 30. Qxg5 Nxb4 31. Rxa8 Rxa8 32. Rxb4 Ra1+ 33. Rb1 1-0

[Event "10. Lichtenberger Sommer"]
[Site "Berlin"]
[Date "2011.08.14"]
[Round "3.77"]
[White "Cerdan Herraez, Manuel Vicente"]
[Black "Stark, Steven"]
[Result "1/2-1/2"]
[WhiteElo "1861"]
[BlackElo "1594"]
[PlyCount "98"]
[EventDate "2011.??.??"]
[WhiteTeam "CIM Benimaclet Valencia"]
[BlackTeam "VfB Hermsdorf e.V."]

1. e4 a6 2. d4 e6 3. Nf3 d5 4. e5 Bd7 5. Bd3 Qe7 6. a3 c5 7. c3 c4 8. Bc2 h6 9.
Be3 g5 10. h3 Nc6 11. Nbd2 f6 12. exf6 Qxf6 13. Qe2 Bd6 14. b3 b5 15. b4 a5 16.
O-O a4 17. Rae1 O-O-O 18. Nh2 Bxh2+ 19. Kxh2 Nge7 20. f4 Nf5 21. fxg5 hxg5 22.
Qg4 Rh4 23. Qxg5 Qh8 24. Rxf5 Rg8 25. Qf6 exf5 26. Qd6 Qg7 27. Re2 Qg6 28. Bf4
Qxd6 29. Bxd6 Rh6 30. Bf4 Re6 31. Rf2 Rge8 32. Bxf5 Re2 33. Bxd7+ Kxd7 34. Rf3
Re1 35. h4 Ne7 36. h5 Rh8 37. g4 Ng6 38. Bg5 Rh7 39. Kg3 Ne7 40. Nf1 Ra1 41.
Ne3 Rxa3 42. Bxe7 Rxc3 43. Bc5 a3 44. Rf6 Rxe3+ 45. Kh4 a2 46. Ra6 Re2 47. Kg3
Rh8 48. Kf3 Rhe8 49. Ra7+ Kc6 1/2-1/2

[Event "10. Lichtenberger Sommer"]
[Site "Berlin"]
[Date "2011.08.14"]
[Round "3.78"]
[White "Baranowsky, Peter"]
[Black "Kitzler, Gerhard"]
[Result "1-0"]
[WhiteElo "1989"]
[BlackElo "1588"]
[PlyCount "66"]
[EventDate "2011.??.??"]
[WhiteTeam "Sfrd. Berlin 1903 e.V."]
[BlackTeam "vereinslos"]

1. d4 d5 2. Nf3 Nf6 3. e3 Bg4 4. h3 Bxf3 5. Qxf3 e6 6. Bd3 Nbd7 7. O-O e5 8. e4
dxe4 9. Bxe4 c6 10. Re1 Nxe4 11. Rxe4 Bd6 12. Bf4 Qe7 13. dxe5 Bxe5 14. Bxe5
Nxe5 15. Qe2 f6 16. f4 Qc5+ 17. Kh2 O-O 18. fxe5 fxe5 19. Rxe5 Qd6 20. Kh1 Rad8
21. Nc3 Qf6 22. Re1 Qf4 23. Re4 Qg5 24. Rg4 Qf6 25. Qe6+ Qxe6 26. Rxe6 Rf1+ 27.
Kh2 Rf7 28. Rge4 Kf8 29. Kg3 g6 30. Rf4 Rxf4 31. Kxf4 Rd4+ 32. Ke3 Rd7 33. Ne4
Kf7 1-0

[Event "10. Lichtenberger Sommer"]
[Site "Berlin"]
[Date "2011.08.14"]
[Round "3.79"]
[White "Hänisch, Christoph"]
[Black "Simon, Ralf-Axel"]
[Result "0-1"]
[WhiteElo "1631"]
[BlackElo "2200"]
[PlyCount "64"]
[EventDate "2011.??.??"]
[WhiteTeam "SK Zehlendorf e.V."]
[BlackTeam "TSG Neuruppin"]

1. d4 d5 2. c4 e6 3. Nf3 Nf6 4. Nc3 c6 5. e3 Nbd7 6. Bd3 dxc4 7. Bxc4 b5 8. Bd3
Bb7 9. e4 b4 10. Na4 c5 11. e5 Nd5 12. Nxc5 Nxc5 13. dxc5 Bxc5 14. Bb5+ Kf8 15.
O-O h6 16. Qe2 Qb6 17. Bc4 Rd8 18. Bd2 g6 19. Rad1 Kg7 20. h3 Rd7 21. Bc1 Rhd8
22. Nh2 Qc6 23. Bxd5 Rxd5 24. Rxd5 Rxd5 25. Nf3 Ba6 26. Qe4 Bxf1 27. Qf4 Bf8
28. Qxh6+ Kg8 29. Qf4 Rd1 30. Be3 Be2+ 31. Kh2 Bxf3 32. gxf3 Bc5 0-1

[Event "10. Lichtenberger Sommer"]
[Site "Berlin"]
[Date "2011.08.14"]
[Round "3.80"]
[White "Lagunow, Elina"]
[Black "Frey, Matthias"]
[Result "0-1"]
[WhiteElo "1713"]
[BlackElo "1948"]
[PlyCount "90"]
[EventDate "2011.??.??"]
[WhiteTeam "SG Grün-Weiß Baumschulenweg e.V."]
[BlackTeam "Münsingen"]

1. e4 e6 2. d4 d5 3. Nc3 Bb4 4. e5 c5 5. a3 Ba5 6. Qg4 Ne7 7. Qxg7 Rg8 8. Qxh7
cxd4 9. b4 Qc7 10. Nce2 Bb6 11. Nf3 Nbc6 12. Bf4 Bd7 13. Rd1 O-O-O 14. Qxf7 Nf5
15. Ng5 Rdf8 16. Qh5 a5 17. b5 Na7 18. a4 Kb8 19. Rd2 Bc5 20. Rd1 Bb4+ 21. Bd2
Qxc2 22. Nf3 Qxa4 23. Nexd4 Nxd4 24. Nxd4 Bxd2+ 25. Rxd2 Qa1+ 26. Qd1 Qc3 27.
h4 Rf4 28. Nf3 Re4+ 29. Be2 Bxb5 30. Kf1 Bxe2+ 31. Rxe2 Qc4 32. g3 Nc6 33. Ng5
Rxg5 34. hxg5 Nd4 35. Rh8+ Ka7 36. g6 Nxe2 37. Qa1 Nxg3+ 38. Kg2 Qf1+ 39. Qxf1
Nxf1 40. f3 Ne3+ 41. Kf2 Rxe5 42. f4 Nd1+ 43. Kg1 Re1+ 44. Kh2 Re2+ 45. Kg1 Ne3
0-1

[Event "10. Lichtenberger Sommer"]
[Site "Berlin"]
[Date "2011.08.14"]
[Round "3.82"]
[White "Scholz, Ralf-Dieter"]
[Black "Knaut, Jonathan"]
[Result "1-0"]
[WhiteElo "1896"]
[BlackElo "1613"]
[PlyCount "63"]
[EventDate "2011.??.??"]
[WhiteTeam "USV Potsdam e.V., Abt. Schach"]
[BlackTeam "SV Königsjäger Süd-West e.V."]

1. c4 e5 2. Nc3 Nf6 3. g3 c6 4. Bg2 Qb6 5. e3 Bb4 6. Nge2 O-O 7. O-O Rd8 8. a3
Be7 9. d4 exd4 10. exd4 d5 11. c5 Qa6 12. Re1 b6 13. b4 Bg4 14. f3 Bf5 15. Nf4
Re8 16. g4 Bg6 17. h4 h6 18. Nxg6 fxg6 19. g5 hxg5 20. Bxg5 Qc8 21. Ra2 Na6 22.
Rae2 Kf8 23. Qd3 bxc5 24. bxc5 Nxc5 25. Qxg6 Ncd7 26. Bh3 Qc7 27. f4 Bxa3 28.
Be6 Rxe6 29. Rxe6 Bb4 30. R1e3 Ng4 31. Re7 Bxe7 32. Rxe7 1-0

[Event "10. Lichtenberger Sommer"]
[Site "Berlin"]
[Date "2011.08.14"]
[Round "3.83"]
[White "Stark, Ingo"]
[Black "Muehlhan, Klaus"]
[Result "1-0"]
[WhiteElo "2166"]
[BlackElo "1986"]
[PlyCount "49"]
[EventDate "2011.??.??"]
[WhiteTeam "TSG Oberschöneweide e.V."]
[BlackTeam "SC Empor Potsdam 1952 e.V."]

1. e4 e5 2. Nf3 Nc6 3. Bb5 a6 4. Ba4 Nf6 5. O-O Nxe4 6. d4 b5 7. Bb3 d5 8. dxe5
Be6 9. Nbd2 Nc5 10. c3 Be7 11. Bc2 O-O 12. Nb3 Bg4 13. Nxc5 Bxc5 14. Qd3 g6 15.
Bf4 Re8 16. Rfe1 b4 17. Rad1 bxc3 18. bxc3 Ne7 19. Bb3 c6 20. h3 Be6 21. Nd4
Qb6 22. g4 Kg7 23. Rb1 Qc7 24. Qe3 Ng8 25. Nxe6+ 1-0

[Event "10. Lichtenberger Sommer"]
[Site "Berlin"]
[Date "2011.08.14"]
[Round "3.84"]
[White "Herrmann, Eberhard"]
[Black "Dittrich, Hans-Georg"]
[Result "0-1"]
[WhiteElo "1876"]
[BlackElo "1698"]
[PlyCount "40"]
[EventDate "2011.??.??"]
[WhiteTeam "SC Friesen Lichtenberg e.V."]
[BlackTeam "SG Blau-Weiß Stadtilm"]

1. e4 e5 2. Nf3 Nc6 3. Bc4 Bc5 4. c3 Nf6 5. d3 a6 6. b4 Ba7 7. Bg5 h6 8. Bh4 g5
9. Bg3 d6 10. h3 Qe7 11. Bh2 Bd7 12. Nbd2 Nd8 13. a4 Ne6 14. Bxe6 Qxe6 15. Nc4
Nxe4 16. O-O Nxc3 17. Qc2 Nxa4 18. Rxa4 Bxa4 19. Qxa4+ b5 20. Qxa6 Bxf2+ 0-1

[Event "10. Lichtenberger Sommer"]
[Site "Berlin"]
[Date "2011.08.14"]
[Round "3.85"]
[White "Koerner, Helmut"]
[Black "Kuschfeldt, Karsten"]
[Result "1/2-1/2"]
[WhiteElo "1933"]
[BlackElo "1554"]
[PlyCount "40"]
[EventDate "2011.??.??"]
[WhiteTeam "Sfr.Nord-Ost Berlin"]
[BlackTeam "SV Königsjäger Süd-West e.V."]

1. e4 e5 2. d4 exd4 3. Bc4 Bb4+ 4. c3 dxc3 5. bxc3 Bc5 6. Bxf7+ Kxf7 7. Qd5+
Ke8 8. Qxc5 d6 9. Qc4 Qe7 10. Nf3 Nc6 11. O-O Nf6 12. Nbd2 Rf8 13. Re1 Be6 14.
Qb5 Qd7 15. a4 Rb8 16. Ba3 a6 17. Qb1 Ng4 18. e5 Ngxe5 19. Nxe5 Nxe5 20. Rxe5
dxe5 1/2-1/2

[Event "10. Lichtenberger Sommer"]
[Site "Berlin"]
[Date "2011.08.14"]
[Round "3.86"]
[White "Koischwitz, Wanja"]
[Black "Münstermann, Claudia"]
[Result "1-0"]
[WhiteElo "1813"]
[BlackElo "1838"]
[PlyCount "53"]
[EventDate "2011.??.??"]
[WhiteTeam "Queer-Springer SSV Berlin"]
[BlackTeam "SC Weisse Dame e.V."]

1. d4 d5 2. Nf3 Nf6 3. e3 e6 4. Bd3 c5 5. c3 Be7 6. O-O O-O 7. Nbd2 Nc6 8. dxc5
Bxc5 9. Qe2 Qc7 10. e4 h6 11. h3 b6 12. Re1 Bb7 13. e5 Nd7 14. Bc2 Rfd8 15. Nb3
Bf8 16. Nbd4 g6 17. Nxc6 Bxc6 18. Bf4 Bg7 19. Qe3 Kh7 20. h4 Nc5 21. h5 Ne4 22.
hxg6+ fxg6 23. Nd4 Re8 24. f3 Nc5 25. Kf2 Nd7 26. Rh1 h5 27. Rxh5+ 1-0

[Event "10. Lichtenberger Sommer"]
[Site "Berlin"]
[Date "2011.08.14"]
[Round "3.87"]
[White "Ritter, Uwe"]
[Black "Mildenberger, Hans"]
[Result "1-0"]
[WhiteElo "1733"]
[BlackElo "1633"]
[PlyCount "87"]
[EventDate "2011.??.??"]
[WhiteTeam "Reideburger SV 90 Halle"]
[BlackTeam "SG BVG Helmholtz 55"]

1. f4 d5 2. Nf3 Nf6 3. e3 Bf5 4. b3 e6 5. Bb2 Be7 6. Ne5 O-O 7. d3 Nbd7 8. Be2
Nxe5 9. fxe5 Nd7 10. O-O c5 11. Bg4 Bxg4 12. Qxg4 f5 13. exf6 Nxf6 14. Qxe6+
Kh8 15. Nd2 Rc8 16. Nf3 Rc6 17. Qh3 Qd7 18. Qxd7 Nxd7 19. Ne5 Nxe5 20. Bxe5 Re6
21. Rxf8+ Bxf8 22. Rf1 Kg8 23. d4 Be7 24. Rf3 b5 25. Kf2 Ra6 26. Kg3 Rxa2 27.
Rf2 a5 28. e4 dxe4 29. d5 e3 30. Re2 Kf7 31. Kf4 a4 32. bxa4 Rxa4+ 33. Kxe3
Ra3+ 34. Kf2 Ra6 35. Bf4 Bd6 36. Re6 Ra2 37. Rxd6 Rxc2+ 38. Ke3 Rc3+ 39. Ke4 b4
40. Rd7+ Ke8 41. Rxg7 Rc4+ 42. Ke5 Rxf4 43. Kxf4 Kd8 44. Rb7 1-0

[Event "10. Lichtenberger Sommer"]
[Site "Berlin"]
[Date "2011.08.14"]
[Round "3.88"]
[White "Schmalzried, Volker"]
[Black "Toth, Hans-Juergen"]
[Result "1/2-1/2"]
[WhiteElo "1870"]
[BlackElo "1641"]
[PlyCount "32"]
[EventDate "2011.??.??"]
[WhiteTeam "Umweltbundesamt (FV Schach)"]
[BlackTeam "Schachfreunde Zehdenick 76 e.V."]

1. c4 f5 2. Nc3 Nf6 3. g3 e6 4. Bg2 c6 5. Nf3 d5 6. cxd5 exd5 7. d4 Bb4 8. O-O
O-O 9. Bf4 Nbd7 10. a3 Bxc3 11. bxc3 Ne4 12. Qc2 g5 13. Be5 g4 14. Nd2 Nxe5 15.
dxe5 Qe7 16. Nxe4 fxe4 1/2-1/2

[Event "10. Lichtenberger Sommer"]
[Site "Berlin"]
[Date "2011.08.14"]
[Round "3.89"]
[White "Duric, Rajko"]
[Black "Lange, Rudolf"]
[Result "0-1"]
[WhiteElo "1808"]
[BlackElo "1830"]
[PlyCount "36"]
[EventDate "2011.??.??"]
[WhiteTeam "SC Kreuzberg e.V."]
[BlackTeam "SG Narva Berlin e.V."]

1. e4 c6 2. d4 d5 3. e5 Bf5 4. Bd3 Bxd3 5. Qxd3 e6 6. Ne2 c5 7. c3 Nc6 8. O-O
cxd4 9. cxd4 Nge7 10. Nd2 Nf5 11. a3 Qb6 12. Nf3 Be7 13. Rb1 Rc8 14. g4 Nh4 15.
Nxh4 Bxh4 16. g5 h6 17. Qh3 hxg5 18. Bxg5 Bxf2+ 0-1

[Event "10. Lichtenberger Sommer"]
[Site "Berlin"]
[Date "2011.08.14"]
[Round "3.90"]
[White "Lieder, Guenter"]
[Black "Dittrich, Tom"]
[Result "1-0"]
[WhiteElo "1847"]
[BlackElo "1157"]
[PlyCount "81"]
[EventDate "2011.??.??"]
[WhiteTeam "SK Turm Bad Hersfeld"]
[BlackTeam "SG Blau-Weiß Stadtilm"]

1. e4 c5 2. Nf3 d6 3. Bc4 g6 4. O-O Bg7 5. c3 e6 6. Re1 Ne7 7. d4 cxd4 8. cxd4
O-O 9. Nc3 a6 10. a4 Bd7 11. Bg5 Nbc6 12. Qd2 Re8 13. Rad1 Qc7 14. Ba2 Nb4 15.
Bb3 Nbc6 16. Rc1 Qb6 17. d5 Ne5 18. Nxe5 Bxe5 19. dxe6 Bxe6 20. Bxe6 fxe6 21.
Be3 Qd8 22. Red1 d5 23. exd5 Nxd5 24. Nxd5 Qxd5 25. Qxd5 exd5 26. Rxd5 Bxb2 27.
Rb1 Rad8 28. Rxd8 Rxd8 29. g3 Bf6 30. Rxb7 Rd1+ 31. Kg2 Ra1 32. Rb6 Bc3 33.
Rxa6 Kf8 34. Bb6 Ke8 35. a5 h5 36. Ra8+ Kd7 37. a6 Kc6 38. Be3 Ba5 39. a7 Bc7
40. Rg8 Kb7 41. Rxg6 1-0

[Event "10. Lichtenberger Sommer"]
[Site "Berlin"]
[Date "2011.08.14"]
[Round "3.91"]
[White "Kujawa, Werner"]
[Black "Werninghaus, Klaus Peter"]
[Result "1/2-1/2"]
[WhiteElo "1836"]
[BlackElo "1647"]
[PlyCount "44"]
[EventDate "2011.??.??"]
[WhiteTeam "SV Motor Wildau e.V."]
[BlackTeam "Dortmunder Schachverein 1875"]

1. e4 c6 2. Nc3 e6 3. d4 d5 4. e5 c5 5. Nce2 Nc6 6. c3 Qb6 7. f4 Nh6 8. Nf3
cxd4 9. Nexd4 Bc5 10. a4 Nxd4 11. Nxd4 O-O 12. a5 Qd8 13. Be3 a6 14. Bd3 Bxd4
15. Bxd4 Bd7 16. O-O Bb5 17. Bxb5 axb5 18. Bb6 Qc8 19. Qh5 f5 20. Qg5 Kh8 21.
Rae1 Rf7 22. h3 Qf8 1/2-1/2

[Event "10. Lichtenberger Sommer"]
[Site "Berlin"]
[Date "2011.08.14"]
[Round "3.92"]
[White "Schwedek, Tony"]
[Black "Stiewe, Frank"]
[Result "1-0"]
[WhiteElo "1848"]
[BlackElo "1696"]
[PlyCount "45"]
[EventDate "2011.??.??"]
[WhiteTeam "SC Zitadelle Spandau 1977 e.V."]
[BlackTeam "vereinslos"]

1. d4 Nf6 2. c4 e6 3. Nc3 Bb4 4. Qc2 Bxc3+ 5. Qxc3 O-O 6. Bg5 Ne4 7. Bxd8 Nxc3
8. Bxc7 Na6 9. Bd6 Nxe2 10. Bxe2 Re8 11. Nf3 b6 12. b4 Bb7 13. b5 Nb8 14. O-O
f6 15. Nd2 e5 16. d5 e4 17. Rfe1 f5 18. f3 exf3 19. Bxf3 Kf7 20. Rxe8 Kxe8 21.
Re1+ Kf7 22. Re7+ Kf6 23. Re8 1-0

[Event "10. Lichtenberger Sommer"]
[Site "Berlin"]
[Date "2011.08.14"]
[Round "3.93"]
[White "Berg, Gerd"]
[Black "Bandlow, Matthias"]
[Result "0-1"]
[WhiteElo "1623"]
[BlackElo "1988"]
[PlyCount "76"]
[EventDate "2011.??.??"]
[WhiteTeam "SK König Tegel 1949 e.V."]
[BlackTeam "SC Borussia Friedrichsfelde 1920"]

1. c4 Nf6 2. Nc3 d5 3. cxd5 Nxd5 4. Nf3 e6 5. d3 Be7 6. e4 Nf6 7. Be2 O-O 8.
O-O b6 9. e5 Nd5 10. Nxd5 Qxd5 11. d4 Bb7 12. Qc2 c5 13. Rd1 Qc6 14. Be3 Nd7
15. Rac1 Rac8 16. Ne1 cxd4 17. Qxc6 Bxc6 18. Bxd4 Bg5 19. Rc3 Bd5 20. Rxc8 Rxc8
21. b3 Nc5 22. Nd3 Ne4 23. f4 Bh6 24. g4 g5 25. f5 Rc2 26. Kf1 Bf8 27. fxe6
fxe6 28. Be3 Rxa2 29. Nc1 Ra1 30. Bc4 Ba3 31. Bxd5 exd5 32. Bxg5 Nxg5 33. Rxd5
Rxc1+ 34. Kg2 Ne6 35. Rd7 Rc7 36. Rd1 Rc2+ 37. Kg3 Rc3+ 38. Kh4 Be7+ 0-1

[Event "10. Lichtenberger Sommer"]
[Site "Berlin"]
[Date "2011.08.14"]
[Round "3.94"]
[White "Junge, Wolfgang"]
[Black "Winz, Michael"]
[Result "1-0"]
[WhiteElo "1776"]
[BlackElo "1684"]
[PlyCount "91"]
[EventDate "2011.??.??"]
[WhiteTeam "SC Friesen Lichtenberg e.V."]
[BlackTeam "SC Friesen Lichtenberg e.V."]

1. g4 e5 2. Bg2 g6 3. d4 Bg7 4. dxe5 Bxe5 5. Nf3 Bg7 6. c3 d6 7. Qb3 Ne7 8. Ng5
O-O 9. Bxb7 Bxb7 10. Qxb7 Nd7 11. Qg2 Nf6 12. h4 Qd7 13. f3 h5 14. gxh5 Nxh5
15. Ne4 Nf5 16. Qg4 Rae8 17. c4 Qe6 18. Nbc3 Nd4 19. Qxe6 Rxe6 20. Kd1 Rfe8 21.
Rh2 f5 22. Ng5 R6e7 23. e3 Ne6 24. Nd5 Rd7 25. Nxe6 Rxe6 26. Rb1 c6 27. Nb4 d5
28. cxd5 cxd5 29. Nd3 Rc6 30. Bd2 d4 31. e4 fxe4 32. fxe4 Re7 33. e5 Bxe5 34.
Nxe5 Rxe5 35. Re2 Rce6 36. Rxe5 Rxe5 37. Rc1 Re4 38. Bg5 Nf4 39. Rc8+ Kf7 40.
Rc7+ Ke6 41. Rxa7 Ng2 42. Re7+ Kf5 43. Rxe4 Kxe4 44. a4 Ne3+ 45. Bxe3 dxe3 46.
Ke2 1-0

[Event "10. Lichtenberger Sommer"]
[Site "Berlin"]
[Date "2011.08.14"]
[Round "3.95"]
[White "Pichler, Gerhard"]
[Black "Bauer, Stefan"]
[Result "1-0"]
[WhiteElo "1818"]
[BlackElo "1684"]
[PlyCount "55"]
[EventDate "2011.??.??"]
[WhiteTeam "Polizeisportverein Tirol"]
[BlackTeam "SC Kreuzberg e.V."]

1. c4 Nf6 2. g3 e6 3. Bg2 c6 4. d4 d5 5. cxd5 cxd5 6. Nc3 Bd7 7. Nf3 Nc6 8. O-O
Be7 9. a3 a6 10. b4 b5 11. Bb2 O-O 12. Re1 Ng4 13. e4 dxe4 14. Nxe4 f5 15. Nc5
Qc8 16. Rc1 Ra7 17. d5 Bxc5 18. Rxc5 exd5 19. Qxd5+ Kh8 20. Ng5 Be8 21. Qd6 Rg8
22. Bxc6 Bxc6 23. Rxc6 Qa8 24. Re7 Rxe7 25. Qxe7 h6 26. Nf7+ Kh7 27. Qe6 Qa7
28. Qg6# 1-0

[Event "10. Lichtenberger Sommer"]
[Site "Berlin"]
[Date "2011.08.14"]
[Round "3.96"]
[White "Peter, Volkhard"]
[Black "Wierzbicki, Jirawat"]
[Result "0-1"]
[WhiteElo "1810"]
[BlackElo "1451"]
[PlyCount "144"]
[EventDate "2011.??.??"]
[WhiteTeam "Schachclub Oranienburg e.V."]
[BlackTeam "TuS Makkabi Berlin e.V."]

1. e4 c5 2. d4 cxd4 3. c3 dxc3 4. Nxc3 Nc6 5. Bc4 e6 6. Nf3 Bb4 7. Qb3 Nge7 8.
O-O O-O 9. Bf4 Ng6 10. Bg3 Qe7 11. Qc2 a6 12. a3 Bd6 13. Qd2 Bxg3 14. fxg3 Qc5+
15. Rf2 Qxc4 16. Raf1 Qc5 17. Kh1 Qe7 18. Na4 b5 19. Nc3 Bb7 20. Re1 Na5 21. h4
Nc6 22. e5 h6 23. h5 Nh8 24. g4 Nd8 25. Ne4 Bxe4 26. Rxe4 f6 27. Rd4 Ra7 28.
Rf4 Nc6 29. Qe3 Raa8 30. exf6 Rxf6 31. Rxf6 Qxf6 32. g5 hxg5 33. g4 Rf8 34. Kg2
d6 35. Nxg5 Qxf2+ 36. Qxf2 Rxf2+ 37. Kxf2 e5 38. Ke3 Nf7 39. Ne6 Na5 40. Kd3
Nc4 41. Kc3 Ne3 42. g5 Nf1 43. g6 Nh6 44. Nc7 Ng3 45. Nxa6 Nxh5 46. Nc7 Nf4 47.
Nxb5 d5 48. a4 Nxg6 49. a5 Ne7 50. a6 Nc8 51. Kd3 g5 52. Nc3 Nb6 53. a7 d4 54.
Nd5 Na8 55. b4 g4 56. b5 Nf5 57. Nf6+ Kf7 58. Nxg4 Ke6 59. Nf2 Nd6 60. b6 Nxb6
61. Nh3 Kd5 62. Kc2 Nb5 63. a8=Q+ Nxa8 64. Kb3 Nb6 65. Kb4 Nc3 66. Nf2 e4 67.
Ng4 e3 68. Nf6+ Ke5 69. Ng4+ Ke4 70. Kc5 e2 71. Nf6+ Ke5 72. Ng4+ Kf4 0-1

[Event "10. Lichtenberger Sommer"]
[Site "Berlin"]
[Date "2011.08.14"]
[Round "3.97"]
[White "Libera, Kay"]
[Black "Petry, Thomas"]
[Result "0-1"]
[WhiteElo "1400"]
[BlackElo "1637"]
[PlyCount "126"]
[EventDate "2011.??.??"]
[WhiteTeam "vereinslos"]
[BlackTeam "SC Friesen Lichtenberg e.V."]

1. d4 d5 2. c4 e6 3. Nc3 Nf6 4. Bf4 c6 5. e3 Be7 6. Bd3 Nbd7 7. Nf3 h6 8. Ne5
dxc4 9. Nxc4 Nb6 10. Ne5 Nbd5 11. Bg3 Qa5 12. Qd2 Nxc3 13. bxc3 Nd5 14. Rc1 O-O
15. Nc4 Qd8 16. O-O c5 17. Qe2 cxd4 18. cxd4 b6 19. Ne5 Bb7 20. Bb5 a6 21. Nc6
Bxc6 22. Bxc6 Ra7 23. Qf3 Nb4 24. Bb7 Bd6 25. a3 Bxg3 26. fxg3 Qe7 27. axb4
Rxb7 28. Qc6 Rbb8 29. Qa4 Qg5 30. Kf2 Ra8 31. Rc6 Rfb8 32. h4 Qd5 33. Rfc1 Qf5+
34. Ke2 Qe4 35. Kf2 Qf5+ 36. Ke2 a5 37. b5 e5 38. d5 Ra7 39. Rf1 Qh5+ 40. Kd2
Rd7 41. Qe4 f6 42. Rf5 Qg6 43. Qf3 a4 44. Rxe5 Qb1 45. Ree6 Qxb5 46. e4 Qb4+
47. Qc3 Qb5 48. Ke1 Qb1+ 49. Kf2 b5 50. Rc8+ Rd8 51. Rxd8+ Rxd8 52. Qc6 a3 53.
Re8+ Rxe8 54. Qxe8+ Kh7 55. d6 Qc2+ 56. Kg1 Qc5+ 57. Kh2 Qxd6 58. Qxb5 a2 59.
Qb2 Qe6 60. Kg1 Qc4 61. Kf2 Kg6 62. Ke3 Qa4 63. Qa1 Qb3+ 0-1

[Event "10. Lichtenberger Sommer"]
[Site "Berlin"]
[Date "2011.08.14"]
[Round "3.98"]
[White "Wolfram, Mike"]
[Black "Bieg, Pascal"]
[Result "0-1"]
[WhiteElo "1640"]
[BlackElo "1751"]
[PlyCount "109"]
[EventDate "2011.??.??"]
[WhiteTeam "BSG 1827 Eckbauer e.V."]
[BlackTeam "SV Königsjäger Süd-West e.V."]

1. e4 c5 2. Nf3 Nc6 3. d4 cxd4 4. Nxd4 Nf6 5. Nc3 e5 6. Ndb5 d6 7. Bc4 a6 8.
Na3 b5 9. Bd5 Bb7 10. b4 Be7 11. O-O O-O 12. Be3 Nxd5 13. Nxd5 Bg5 14. Qd2 Bxe3
15. Qxe3 f5 16. f4 fxe4 17. Qxe4 Nxb4 18. Qxb4 Bxd5 19. Rad1 Bxa2 20. Rxd6 Qc7
21. fxe5 Qa7+ 22. Rd4 Rxf1+ 23. Kxf1 Rf8+ 24. Ke2 Qf7 25. Qe1 Qh5+ 26. Kd2 Qg5+
27. Kd1 Qxg2 28. e6 Qf3+ 29. Kc1 Qxa3+ 30. Kd1 Qf3+ 31. Kc1 Qa3+ 32. Kd1 Qf3+
33. Kc1 Bxe6 34. Qxe6+ Qf7 35. Qxa6 Qf1+ 36. Rd1 Qf4+ 37. Kb1 Qf5 38. Qb6 h6
39. Rd8 Qf1+ 40. Kb2 Qf6+ 41. Qxf6 gxf6 42. Rd5 Rb8 43. Kc3 Kf7 44. Kd3 Kg6 45.
Ke3 b4 46. Kf4 Rc8 47. Rd2 Rc4+ 48. Kg3 Kg5 49. Rd5+ Kg6 50. Rd2 f5 51. Rf2 Kg5
52. Kg2 Rc3 53. h3 h5 54. Re2 h4 55. Rd2 0-1

[Event "10. Lichtenberger Sommer"]
[Site "Berlin"]
[Date "2011.08.14"]
[Round "3.99"]
[White "Bolshakov, Konstantin"]
[Black "Lehmann, Tornalf"]
[Result "1/2-1/2"]
[WhiteElo "1618"]
[BlackElo "1637"]
[PlyCount "91"]
[EventDate "2011.??.??"]
[WhiteTeam "SG 1871 Löberitz"]
[BlackTeam "SC Heilsbronn 1951 e.V."]

1. d4 Nf6 2. Nf3 e6 3. c4 b6 4. g3 Ba6 5. Qc2 c5 6. d5 exd5 7. cxd5 Bb7 8. e4
d6 9. Bg2 Be7 10. O-O O-O 11. Nc3 Nbd7 12. Bf4 Ng4 13. Rfb1 Nge5 14. Nd2 Ba6
15. b4 Bd3 16. Qb3 c4 17. Qb2 Bxb1 18. Qxb1 Bf6 19. Qc2 a6 20. a4 Qc7 21. Rb1
Rac8 22. Bf1 Nd3 23. Be3 Bxc3 24. Qxc3 b5 25. a5 N7e5 26. f4 Ng4 27. Bd4 f6 28.
Bh3 h5 29. Bg2 Rce8 30. Bf1 Rc8 31. Be2 Kf7 32. h3 Nh6 33. Bxh5+ Ke7 34. Ra1
Qd7 35. f5 Rh8 36. Bf3 Nf7 37. Bg2 Nfe5 38. Kf1 Qe8 39. Ke2 Qh5+ 40. Kf1 Rcg8
41. Bxe5 fxe5 42. Nxc4 Rc8 43. Qxd3 Rxc4 44. Qe3 Rd4 45. Qc1 Rc4 46. Qe3
1/2-1/2

[Event "10. Lichtenberger Sommer"]
[Site "Berlin"]
[Date "2011.08.14"]
[Round "3.100"]
[White "Bullig, Reinhard"]
[Black "Stiefel, Marika"]
[Result "1-0"]
[WhiteElo "1730"]
[BlackElo "1772"]
[PlyCount "61"]
[EventDate "2011.??.??"]
[WhiteTeam "Sfrd. Berlin 1903 e.V."]
[BlackTeam "SSV Vimaria 91 Weimar"]

1. d4 c5 2. Nf3 cxd4 3. Nxd4 g6 4. Nf3 Bg7 5. e4 d6 6. c3 Bd7 7. a4 Qc7 8. Nbd2
Nc6 9. Bd3 Nh6 10. O-O Ng4 11. h3 Nge5 12. Nxe5 Nxe5 13. Nf3 O-O 14. Nxe5 dxe5
15. Qe2 Rfd8 16. Be3 Be6 17. c4 f6 18. b4 Bf8 19. c5 Bc8 20. Rfc1 e6 21. b5 f5
22. f3 Bd7 23. Rc2 Rac8 24. Rac1 Qb8 25. c6 Be8 26. c7 Rxc7 27. Rxc7 Ba3 28.
R1c2 Bd6 29. R7c4 b6 30. Kh1 Rd7 31. Rc8 1-0